000 00569nam a22002171 4500
001 4066092
005 20180130043327.0
008 851002m19671968iluab j d 000 0 eng
010 _a 68014013
040 _aDLC
_cDLC
_dDLC
041 _aeng
042 _alcac
080 _a629.103
082 0 0 _a629.103
100 _a27
101 _aIM
245 0 0 _aAbove and beyond;
740 0 _aEncyclopedia of aviation and space sciences.
906 _a7
_bcbc
_corignew
_du
_eocip
_f19
_gy-gencatlg
942 _2ddc
_cBK
999 _c41251
_d41251